Trẻ nhạy cảm : Bốn chìa khóa vàng nuôi dạy trẻ thành công

Các kiến thức về uôi dạy trẻ nhạy cảm, giúp con em chúng ta phát triển trong một thế giới đầy ngột ngạt

Đã lưu trong:
书目详细资料
主要作者: Aron, Elaine
格式: 图书
语言:Undetermined
出版: Hà Nội Lao động 2014
主题:
标签: 添加标签
没有标签, 成为第一个标记此记录!
Thư viện lưu trữ: Trung tâm Học liệu Trường Đại học Cần Thơ
LEADER 00889nam a2200217Ia 4500
001 CTU_197019
008 210402s9999 xx 000 0 und d
020 |c 119000 
082 |a 649.1 
082 |b A769 
100 |a Aron, Elaine 
245 0 |a Trẻ nhạy cảm : 
245 0 |b Bốn chìa khóa vàng nuôi dạy trẻ thành công 
245 0 |c Elaine Aron; Trần Hồng (biên dịch) 
260 |a Hà Nội 
260 |b Lao động 
260 |c 2014 
520 |a Các kiến thức về uôi dạy trẻ nhạy cảm, giúp con em chúng ta phát triển trong một thế giới đầy ngột ngạt 
650 |a Child rearing,Parenting,Social skills in children,Nuôi dưỡng trẻ,Nuôi dạy con,Kỹ năng xã hội ở trẻ em 
904 |i Nguyên 
980 |a Trung tâm Học liệu Trường Đại học Cần Thơ